The Inter-University Council for East Africa (IUCEA): Newsletter (Record no. 77477)

MARC details
000 -LEADER
fixed length control field 00787nam a2200157 a 4500
008 - FIXED-LENGTH DATA ELEMENTS--GENERAL INFORMATION
fixed length control field 101104s2009 ||||||||||||||||| || u
050 ## - LIBRARY OF CONGRESS CALL NUMBER
Classification number IUCEA(05)
110 ## - MAIN ENTRY--CORPORATE NAME
Corporate name or jurisdiction name as entry element Inter University Council for East Africa (IUCEA)
245 14 - TITLE STATEMENT
Title The Inter-University Council for East Africa (IUCEA): Newsletter
260 ## - PUBLICATION, DISTRIBUTION, ETC.
Place of publication, distribution, etc. Kampala
Name of publisher, distributor, etc. Inter University Council for East Africa
Date of publication, distribution, etc. 2009
300 ## - PHYSICAL DESCRIPTION
Extent 36 pages : illustrations
350 ## -
-- 0.00
650 ## - SUBJECT ADDED ENTRY--TOPICAL TERM
Topical term or geographic name entry element IUCEA--NEWSLETTER
995 ## -
-- SPECIAL COLLECTIONS
-- 0.00
-- 03007348
-- CBU-MAIN LIBRARY (Kitwe)
-- 1
-- 0.00
-- IUCEA(05)NL/2009/38A
-- 1
-- AVAILABLE
-- Nov 4, 2010
-- 03007348
-- University Collection
995 ## -
-- SPECIAL COLLECTIONS
-- 0.00
-- 03007349
-- CBU-MAIN LIBRARY (Kitwe)
-- 1
-- 0.00
-- IUCEA(05)NL/2009/38B
-- 2
-- AVAILABLE
-- Nov 4, 2010
-- 03007349
-- University Collection
999 ## -
-- 77477
-- 77477
Holdings
Withdrawn status Lost status Source of classification or shelving scheme Damaged status Not for loan Permanent Location Current Location Shelving location Date acquired Total Checkouts Full call number Barcode Date last seen Copy number Price effective from Koha item type
          CBU-MAIN LIBRARY, KITWE. CBU-MAIN LIBRARY, KITWE.   04/27/2023   IUCEA(05)NL/2009/38A 03007348 04/27/2023 1 04/27/2023 SPECIAL COLLECTION
          CBU-MAIN LIBRARY, KITWE. CBU-MAIN LIBRARY, KITWE.   04/27/2023   IUCEA(05)NL/2009/38B 03007349 04/27/2023 2 04/27/2023 SPECIAL COLLECTION